000 00438nam a22001577a 4500
003 OSt
008 250903b |||||||| |||| 00| 0 eng d
041 _amal
082 _a894.8123
_bSAD/VA
100 _aSadasivan, G
_97828
245 _aVazhimariyozhukunna puzha /
_bവഴിമാറിയൊഴുകുന്ന പുഴ
260 _aKayamkulam :
_bSithara Books,
_c2020.
300 _a191 p.
650 _aNovel
_94288
942 _cBK
999 _c19515
_d19515